Producción ovina desde el suelo a la gestión

Uloženo v:
Podrobná bibliografie
Hlavní autoři: Pinochet Tejos, Dante Eduardo (autor), Balocchi Leonelli, Oscar Andrés (Autor), Ruiz-Mantecón, Angel (Autor), Treacherm Timothy (Autor), Ihl Bawlitz, Roberto (Autor), Vidal, Ricardo (Autor)
Další autoři: López Campbell, Ignacio Fernando (autor)
Médium: Kniha
Jazyk:španělština
Vydáno: Santiago FIA 2007
Santiago Universidad Austral de Chile 2007
Edice:Manuales FIA de Apoyo a la Formación de Recursos Humanos para la Innovación Agraria para Pequeños-as Productores-as de la Agricultura Familiar Campesina
Témata:
Tagy: Přidat tag
Žádné tagy, Buďte první, kdo vytvoří štítek k tomuto záznamu!

MARC

LEADER 00000nam a2200000 a 4500
001 UCI7824
003 CL-VaPUC
008 080725e20070000cl |||||||||||||||||spa|d
020 |a 9789567874781 
082 0 4 |a 633.2  |b PIN  |2 21 
100 |a Pinochet Tejos, Dante Eduardo  |e autor  |9 785216 
700 0 |a Balocchi Leonelli, Oscar Andrés  |e author  |9 531146 
700 |a López Campbell, Ignacio Fernando  |e autor  |9 784357 
700 0 |a Ruiz-Mantecón, Angel  |e author  |9 531148 
700 0 |a Treacherm Timothy  |e author  |9 531149 
700 0 |a Ihl Bawlitz, Roberto  |e author  |9 531150 
700 0 |a Vidal, Ricardo  |e author  |9 531151 
245 1 0 |a Producción ovina desde el suelo a la gestión 
300 |a 103 p 
942 |c BK 
945 |d 20080725 00:00:00  |a jtorresc 
260 |a Santiago  |b FIA  |c 2007 
260 |a Santiago  |b Universidad Austral de Chile  |c 2007 
500 |a Contiene un Cd-rom 
650 7 |a PLANTAS FORRAJERAS  |2 CL-VaPUC  |9 264229 
650 7 |a PASTOS  |2 CL-VaPUC  |9 264233 
650 7 |a PRADERAS  |2 CL-VaPUC  |9 264231 
650 7 |a PRODUCCION OVINA  |2 CL-VaPUC  |9 403439 
650 7 |a OVINOS  |2 CL-VaPUC  |9 531152 
650 0 |a Reproducción  |9 269783 
650 7 |a MERCADO NACIONAL  |2 CL-VaPUC  |9 373893 
583 |a last modification  |c 20190725 04:27:32  |k Rodrigo Vera 
490 0 |a Manuales FIA de Apoyo a la Formación de Recursos Humanos para la Innovación Agraria para Pequeños-as Productores-as de la Agricultura Familiar Campesina 
999 |c 330965  |d 330963 
952 |0 0  |1 0  |4 0  |6 633_200000000000000_PIN_2007_2007  |7 0  |8 A  |9 416972  |a BIBAGR  |b BIBAGR  |d 2019-11-22  |i 4460146  |o 633.2 PIN 2007 2007  |p 4460146  |r 2025-01-20  |w 2019-11-22  |y BK  |k AGR